[Event "Gibraltar Masters 2020"]
[Site "Caleta ENG"]
[Date "2020.01.22"]
[Round "2.106"]
[White "Garrido Outon, Alex"]
[Black "Hng, Mei-En Emmanuelle"]
[Result "1-0"]
[BlackTitle "WFM"]
[WhiteElo "2287"]
[BlackElo "2055"]
[WhiteFideId "24516279"]
[BlackFideId "5804566"]
[EventDate "2020.01.21"]

1. e4 c5 2. Nf3 e6 3. d4 cxd4 4. Nxd4 a6 5. Nc3 Qc7 6. Bd3 Nf6 7. O-O Nc6 8.
Nxc6 dxc6 9. f4 Bc5+ 10. Kh1 e5 11. a4 Bd7 12. f5 Rd8 13. Qf3 Bc8 14. a5 Bb4 15.
Qg3 Kf8 16. Be3 c5 17. Nd5 Rxd5 18. exd5 Nxd5 19. f6 g6 20. Bh6+ Ke8 21. Bc4 Be6
22. Bxd5 Bxd5 23. c3 Bxa5 24. Rxa5 Qxa5 25. Qxe5+ Be6 26. Rd1 1-0

[Event "Gibraltar Masters 2020"]
[Site "Caleta ENG"]
[Date "2020.01.22"]
[Round "2.107"]
[White "George, Lolomari Erekosima"]
[Black "Povah, Nigel E"]
[Result "0-1"]
[WhiteTitle "CM"]
[BlackTitle "IM"]
[WhiteElo "2053"]
[BlackElo "2284"]
[WhiteFideId "8501076"]
[BlackFideId "400467"]
[EventDate "2020.01.21"]

1. Nf3 d5 2. g3 Bg4 3. Bg2 c6 4. O-O Nd7 5. d3 e6 6. Nbd2 Bd6 7. h3 Bh5 8. c4
Ngf6 9. b3 O-O 10. Bb2 Re8 11. Rc1 a5 12. a3 Qe7 13. Ra1 h6 14. Ra2 Bg6 15. Qa1
e5 16. Nh4 Bh7 17. e4 Nc5 18. Qb1 dxe4 19. dxe4 Qd7 20. Nf5 Bc7 21. Rd1 Rad8 22.
Bf3 Qd3 23. Qxd3 Rxd3 24. Be2 Rxd2 25. Rxd2 Ncxe4 26. Nxh6+ gxh6 27. Rd1 Bb6 28.
Kg2 Nxf2 29. Rf1 N6e4 30. b4 Be3 31. Kf3 Ba7 32. Kg2 Bf5 33. g4 Be6 34. Raa1 Nd2
35. Rxf2 Bxf2 36. Kxf2 Bxc4 37. Ke3 Bxe2 38. Kxd2 Bb5 39. bxa5 f6 40. Ke1 Rd8
41. Rd1 Rd5 42. Rxd5 cxd5 43. h4 d4 44. Bc1 Bd7 45. g5 fxg5 46. hxg5 h5 47. Kf2
Kf7 48. Kg3 Bf5 49. Kf2 Ke6 50. Ke2 0-1

[Event "Gibraltar Masters 2020"]
[Site "Caleta ENG"]
[Date "2020.01.22"]
[Round "2.108"]
[White "Injac, Teodora"]
[Black "Skou, Niels"]
[Result "1-0"]
[WhiteTitle "WIM"]
[WhiteElo "2284"]
[BlackElo "2036"]
[WhiteFideId "932400"]
[BlackFideId "1413155"]
[EventDate "2020.01.21"]

1. d4 d5 2. c4 e6 3. Nc3 Nf6 4. cxd5 exd5 5. Bg5 c6 6. e3 Nbd7 7. Bd3 Be7 8. h3
h6 9. Bf4 Nb6 10. Nf3 Be6 11. O-O O-O 12. Ne5 Nfd7 13. Qh5 Nf6 14. Qe2 Nfd7 15.
Rad1 Nxe5 16. Bxe5 Bf6 17. f4 Bxe5 18. dxe5 f5 19. exf6 Qxf6 20. e4 dxe4 21.
Nxe4 Qh4 22. Nd6 Rf6 23. Qe4 g6 24. f5 Qxe4 25. Nxe4 Rxf5 26. Nf6+ Kg7 27. Bxf5
Bxf5 28. Nh5+ Kh7 29. Ng3 Be6 30. b3 Nd5 31. Rde1 Re8 32. Ne4 Kg7 33. Nc5 Nc7
34. Nxb7 Rf8 35. Nc5 Re8 36. Nxe6+ 1-0

[Event "Gibraltar Masters 2020"]
[Site "Caleta ENG"]
[Date "2020.01.22"]
[Round "2.109"]
[White "Raghav, Srivathsav V"]
[Black "Gomez Anadon, Daniel"]
[Result "1/2-1/2"]
[BlackTitle "FM"]
[WhiteElo "2023"]
[BlackElo "2276"]
[WhiteFideId "5073316"]
[BlackFideId "2218151"]
[EventDate "2020.01.21"]

1. b3 Nf6 2. Bb2 g6 3. e4 c5 4. g3 Bg7 5. Bg2 d6 6. Ne2 Nc6 7. Nbc3 O-O 8. O-O
Bd7 9. h3 e5 10. f4 exf4 11. Nxf4 Re8 12. d3 Nd4 13. Rb1 Bc6 14. g4 b5 15. b4
cxb4 16. Nce2 Nxe2+ 17. Nxe2 a5 18. Nf4 h6 19. Qf3 Rf8 20. Qf2 Rc8 21. Bd4 Nd7
22. Bxg7 Kxg7 23. d4 Bb7 24. Nd3 Rc4 25. Nb2 Rc7 26. Nd1 Nf6 27. d5 Re8 28. Rb3
Qe7 29. Qb6 Nh7 30. Ne3 Rec8 31. Qxa5 Ra8 32. Qxb4 Ra4 33. Qxb5 Rxa2 34. Qb6 Ra4
35. e5 Ra6 36. exd6 Qxd6 37. Qxd6 Rxd6 38. Rfb1 Bc8 39. Rb6 Rxb6 40. Rxb6 Nf6
41. d6 Rc5 42. Rc6 Nd7 43. Rxc5 Nxc5 44. Nc4 Kf6 45. Nb6 Ba6 46. Bd5 Bb5 47. c4
Be8 48. Kh2 Ke5 49. d7 Nxd7 50. Nxd7+ Bxd7 51. Bxf7 Kf6 52. Bd5 h5 53. Kg3 hxg4
54. hxg4 Ke5 55. g5 Ba4 56. Bf7 Kf5 57. Kh4 Bb3 58. Bd5 Ba2 59. Bg8 Bb3 60. Bf7
Ba2 1/2-1/2

[Event "Gibraltar Masters 2020"]
[Site "Caleta ENG"]
[Date "2020.01.22"]
[Round "2.110"]
[White "Bru Rullo, Llatzer"]
[Black "Kozarcanin, Sead"]
[Result "1-0"]
[WhiteTitle "FM"]
[WhiteElo "2273"]
[BlackElo "2019"]
[WhiteFideId "22219668"]
[BlackFideId "14504650"]
[EventDate "2020.01.21"]

1. d4 d5 2. c4 c6 3. Nf3 Nf6 4. e3 Bf5 5. Nc3 e6 6. Nh4 Bg6 7. Be2 Nbd7 8. O-O
Bd6 9. g3 Ne4 10. cxd5 exd5 11. Nxe4 dxe4 12. f3 exf3 13. Bxf3 Be7 14. Nxg6 hxg6
15. Bg2 Bf6 16. e4 Qb6 17. Be3 Rd8 18. Qf3 O-O 19. Qf2 Qa5 20. h4 c5 21. b4 cxb4
22. Rac1 Rc8 23. Rxc8 Rxc8 24. e5 Nxe5 25. dxe5 Qxe5 26. Bxa7 Rc3 27. g4 g5 28.
Re1 Qb5 29. h5 b3 30. axb3 Rxb3 31. Qe2 Qxe2 32. Rxe2 Rb4 33. Re4 Rb5 34. Be3 g6
35. hxg6 fxg6 36. Re6 Kf7 37. Rb6 Re5 38. Rxb7+ Be7 39. Bd4 Ra5 1-0

[Event "Gibraltar Masters 2020"]
[Site "Caleta ENG"]
[Date "2020.01.22"]
[Round "2.111"]
[White "Rudzinska, Michalina"]
[Black "Sowray, Peter J"]
[Result "0-1"]
[WhiteTitle "WFM"]
[BlackTitle "FM"]
[WhiteElo "2005"]
[BlackElo "2272"]
[WhiteFideId "1172883"]
[BlackFideId "400971"]
[EventDate "2020.01.21"]

1. e4 e5 2. Nf3 Nc6 3. Bb5 a6 4. Ba4 Nf6 5. d3 d6 6. c3 g6 7. O-O Bg7 8. Re1 O-O
9. Nbd2 Re8 10. Nf1 b5 11. Bb3 h6 12. Ng3 Na5 13. Bc2 c5 14. a4 Bb7 15. h4 d5
16. exd5 Qxd5 17. h5 Nxh5 18. Nxh5 gxh5 19. axb5 axb5 20. b4 cxb4 21. cxb4 Nc6
22. Rxa8 Rxa8 23. Bb3 Qd7 24. Nh4 Nd4 25. Qxh5 Ra6 26. Bd1 Qd5 27. Qg4 Kh7 28.
Be3 Ra1 29. Kh2 Qe6 30. Qg3 Qf6 31. Bxd4 exd4 32. Kg1 Bf8 33. Qg4 Bxb4 34. Re8
Qg5 35. Kh2 Rxd1 36. Qxd1 Qxh4+ 37. Kg1 Qg5 38. f3 Bd6 39. Qb3 Kg7 40. Qb2 Be5
41. Qa3 Kh7 42. Qe7 Qe3+ 43. Kf1 Qxd3+ 44. Kf2 Qe3+ 45. Kf1 Bd5 0-1

[Event "Gibraltar Masters 2020"]
[Site "Caleta ENG"]
[Date "2020.01.22"]
[Round "2.112"]
[White "Werle, Iozefina"]
[Black "Burke, Mitchell R"]
[Result "1-0"]
[WhiteTitle "WGM"]
[WhiteElo "2271"]
[BlackElo "2001"]
[WhiteFideId "1213261"]
[BlackFideId "416231"]
[EventDate "2020.01.21"]

1. e4 c5 2. Nf3 d6 3. d4 cxd4 4. Nxd4 Nf6 5. Nc3 g6 6. Bc4 a6 7. Bb3 Nbd7 8. f3
b5 9. a4 e5 10. Nc6 Qb6 11. axb5 Nc5 12. Be3 Bb7 13. Nd5 Nxd5 14. Qxd5 Bxc6 15.
Qxf7+ Kd8 16. Qf6+ 1-0

[Event "Gibraltar Masters 2020"]
[Site "Caleta ENG"]
[Date "2020.01.22"]
[Round "2.113"]
[White "Guerra Reig, Juan"]
[Black "Gvanceladze, Anna"]
[Result "0-1"]
[BlackTitle "WFM"]
[WhiteElo "1998"]
[BlackElo "2270"]
[WhiteFideId "2224801"]
[BlackFideId "4113721"]
[EventDate "2020.01.21"]

1. c4 e5 2. Nc3 Nf6 3. g3 Nc6 4. Bg2 Bc5 5. e3 d5 6. cxd5 Nb4 7. d3 Nbxd5 8.
Nxd5 Nxd5 9. a3 O-O 10. Ne2 Be6 11. Qc2 Bb6 12. O-O Qd7 13. b3 Bh3 14. d4 exd4
15. Nxd4 Bxd4 16. exd4 Bxg2 17. Kxg2 Rae8 18. Bd2 Re2 19. Qd3 Qc6 20. Kg1 Re6
21. Rac1 Qd7 22. Rfe1 Rd6 23. Re4 c6 24. Rce1 f5 25. Rh4 h6 26. Kg2 Rdf6 27. f4
Rd8 28. Re5 Ne7 29. Qc4+ Kh7 30. Ra5 b6 31. Ra6 Re8 32. a4 Nd5 33. a5 b5 34. Qc5
Re2+ 35. Kh3 Rxd2 36. Rxa7 Qe6 37. Qc1 Qe2 38. Qg1 Re6 39. a6 Ne3 40. Ra8 Ng4 0-1

[Event "Gibraltar Masters 2020"]
[Site "Caleta ENG"]
[Date "2020.01.22"]
[Round "2.114"]
[White "Rangel, Daniel"]
[Black "Roman Lopez, Jesus"]
[Result "1-0"]
[WhiteTitle "FM"]
[WhiteElo "2269"]
[BlackElo "1973"]
[WhiteFideId "2124475"]
[BlackFideId "2291673"]
[EventDate "2020.01.21"]

1. e4 e5 2. Nf3 Nc6 3. d4 exd4 4. Nxd4 Bc5 5. Nb3 Bb6 6. Qe2 Qf6 7. Nc3 Nge7 8.
Be3 d5 9. O-O-O Ne5 10. h3 Be6 11. Nd2 N5g6 12. g3 O-O 13. f4 Ba5 14. Ndb1 Rfe8
15. Bd4 Nxf4 16. Qf3 1-0

[Event "Gibraltar Masters 2020"]
[Site "Caleta ENG"]
[Date "2020.01.22"]
[Round "2.115"]
[White "Pratyusha, Bodda"]
[Black "Adewole, Adeyinka"]
[Result "1-0"]
[WhiteTitle "WIM"]
[WhiteElo "2267"]
[BlackElo "1941"]
[WhiteFideId "5000629"]
[BlackFideId "8502544"]
[EventDate "2020.01.21"]

1. d4 c6 2. e4 d5 3. Nc3 g6 4. e5 f5 5. h4 h5 6. Nh3 e6 7. Nf4 Ne7 8. Be2 Kd7 9.
Be3 Bh6 10. Qd2 b6 11. Nfxd5 Bxe3 12. Nxe3 Bb7 13. Nc4 Nc8 14. a4 a5 15. Bf3 Kc7
16. Ne2 Ba6 17. Qc3 Qe7 18. Nf4 Rg8 19. Ne3 Qb4 20. Nfd5+ 1-0

[Event "Gibraltar Masters 2020"]
[Site "Caleta ENG"]
[Date "2020.01.22"]
[Round "2.116"]
[White "Obiamiwe, Paul"]
[Black "Rakshitta, Ravi"]
[Result "0-1"]
[BlackTitle "WIM"]
[WhiteElo "1920"]
[BlackElo "2267"]
[WhiteFideId "8500215"]
[BlackFideId "25073230"]
[EventDate "2020.01.21"]

1. Nf3 Nf6 2. c4 Nc6 3. d4 e6 4. a3 d6 5. Nc3 g6 6. e4 Bg7 7. h3 O-O 8. Be3 Re8
9. Be2 e5 10. d5 Nd4 11. O-O Nxe2+ 12. Qxe2 Nh5 13. Qd2 f5 14. Bg5 Qd7 15. Nh2
f4 16. f3 h6 17. Bh4 g5 18. Bf2 Nf6 19. Rfc1 Bf8 20. b4 h5 21. Qe2 Qg7 22. Kh1
g4 23. Bh4 Nh7 24. fxg4 hxg4 25. Nxg4 Be7 26. Bxe7 Rxe7 27. c5 a6 28. Nd1 Ng5
29. Ndf2 Qg6 30. Rc3 Rh7 31. Rac1 f3 32. gxf3 Nxh3 33. Nxh3 Rxh3+ 34. Nh2 Rg3
35. cxd6 Bh3 36. R3c2 Kh8 37. dxc7 Rg8 38. Ng4 Bxg4 39. fxg4 Rh3+ 40. Kg1 Qh6
41. c8=Q Rh1+ 42. Kf2 Qh2+ 43. Kf3 Qf4+ 44. Kg2 Rh2+ 45. Kg1 Rxe2 46. Rxe2 Rxc8
47. Rxc8+ Kg7 48. d6 Qg3+ 49. Kf1 Qf3+ 50. Ke1 Qh1+ 51. Kd2 Qh6+ 52. Kc2 Qxd6
53. Rd2 Qe6 54. Rc7+ Kg6 55. Kb2 Kg5 56. Rcd7 Kf4 57. g5 Kxg5 58. R7d5 Kf4 59.
Re2 Qc6 60. Rc2 Qg6 61. Re2 Qg1 62. Rdd2 Kf3 63. Rc2 Qd4+ 64. Kc1 Qa1+ 65. Kd2
Qxa3 66. Rc3+ Qxc3+ 67. Kxc3 Kxe2 68. Kc4 Ke3 69. Kc5 Kxe4 70. Kb6 Kd5 71. Kxb7
Kc4 72. Kxa6 Kxb4 0-1

[Event "Gibraltar Masters 2020"]
[Site "Caleta ENG"]
[Date "2020.01.22"]
[Round "2.117"]
[White "Csiki, Endre"]
[Black "Johnsen, Sylvia"]
[Result "1-0"]
[WhiteTitle "FM"]
[BlackTitle "WFM"]
[WhiteElo "2263"]
[BlackElo "1902"]
[WhiteFideId "775126"]
[BlackFideId "1500988"]
[EventDate "2020.01.21"]

1. e4 e5 2. Nf3 Nc6 3. Bb5 a6 4. Ba4 Nf6 5. O-O Be7 6. Re1 b5 7. Bb3 d6 8. c3
O-O 9. d4 Bg4 10. Be3 Re8 11. Nbd2 Na5 12. dxe5 Nxb3 13. exf6 Nxa1 14. fxe7 Qxe7
15. Bf4 f6 16. Qxa1 c5 17. h3 Bd7 18. c4 g5 19. Bg3 a5 20. cxb5 Bxb5 21. b3 Qe6
22. Nc4 Ra6 23. Ne3 a4 24. Nd5 Kf7 25. Nc7 Qd7 26. Nxa6 Bxa6 27. Qd1 axb3 28.
axb3 Re6 29. e5 d5 30. exf6 Kxf6 31. Be5+ Kg6 32. Qb1+ Kh6 33. Qf5 Qe7 34. Bg7+ 1-0

[Event "Gibraltar Masters 2020"]
[Site "Caleta ENG"]
[Date "2020.01.22"]
[Round "2.118"]
[White "Gostelow, David W"]
[Black "Vedder, Richard"]
[Result "0-1"]
[BlackTitle "FM"]
[WhiteElo "1901"]
[BlackElo "2263"]
[WhiteFideId "413151"]
[BlackFideId "1004166"]
[EventDate "2020.01.21"]

1. d4 g6 2. Bf4 Bg7 3. Nc3 d6 4. e4 Nc6 5. Nf3 Bg4 6. Bb5 a6 7. Bxc6+ bxc6 8.
Qd2 Qb8 9. O-O-O a5 10. h3 Bxf3 11. gxf3 a4 12. a3 Nf6 13. Bh6 Bxh6 14. Qxh6 Nd7
15. Rd3 Nb6 16. Qg7 Rf8 17. Nd1 Nc4 18. d5 Ne5 19. Rc3 cxd5 20. exd5 Ra5 21. f4
Nd7 22. Re1 Rxd5 23. Rce3 e6 24. Nc3 Rh5 25. Qd4 Nc5 26. Nxa4 Nxa4 27. Qxa4+ Qb5
28. Qa7 Rc5 29. Qa8+ Ke7 30. Qf3 Rb8 31. b3 Rf5 32. Re4 c5 33. Qe3 Kd7 34. Rd1
Ra8 35. Kb2 Qa6 36. Ra4 Qc6 37. Re4 Kc7 38. Rc4 Rd5 39. Re1 Qa6 40. Ra4 Qc8 41.
Rc4 Qh8+ 42. c3 Qf6 43. Re4 Rf5 44. Rc4 g5 45. fxg5 Rxf2+ 46. Re2 Rxe2+ 47. Qxe2
Qxg5 48. Rg4 Qf5 49. Rg3 d5 50. Rf3 Qh5 51. Qf2 Kc6 52. b4 d4 53. cxd4 cxb4 54.
axb4 Qd5 55. Rb3 f5 56. Qe3 Kb6 57. Qc3 Qg2+ 58. Qc2 Ra2+ 0-1

[Event "Gibraltar Masters 2020"]
[Site "Caleta ENG"]
[Date "2020.01.22"]
[Round "2.119"]
[White "Benmesbah, Natacha"]
[Black "Teh, Wee Zhun"]
[Result "1-0"]
[WhiteTitle "WIM"]
[WhiteElo "2258"]
[BlackElo "1857"]
[WhiteFideId "642002"]
[BlackFideId "5707277"]
[EventDate "2020.01.21"]

1. e4 Nf6 2. e5 Nd5 3. d4 d6 4. exd6 cxd6 5. c4 Nb6 6. Nc3 g6 7. Be3 Bg7 8. Rc1
O-O 9. b3 e5 10. dxe5 dxe5 11. Qxd8 Rxd8 12. Nb5 Nc6 13. Nc7 Rb8 14. Nf3 h6 15.
Be2 Bg4 16. h3 Bxf3 17. Bxf3 Nd4 18. O-O Rd7 19. Nb5 Nxf3+ 20. gxf3 a6 21. Bxb6
axb5 22. cxb5 Rd2 23. Rfd1 Rxa2 24. Rd7 e4 25. fxe4 Re8 26. Rxb7 Rxe4 27. Rc8+
Kh7 28. Rxf7 1-0

[Event "Gibraltar Masters 2020"]
[Site "Caleta ENG"]
[Date "2020.01.22"]
[Round "2.120"]
[White "Wilson, Matthew R"]
[Black "Vidic, Teja"]
[Result "1/2-1/2"]
[BlackTitle "WFM"]
[WhiteElo "1837"]
[BlackElo "2252"]
[WhiteFideId "423459"]
[BlackFideId "14605511"]
[EventDate "2020.01.21"]

1. e4 c6 2. d4 d5 3. exd5 cxd5 4. Bd3 Nc6 5. c3 Qc7 6. Nf3 Bg4 7. O-O e6 8. Nbd2
Bd6 9. Re1 Nge7 10. Qc2 Bh5 11. h3 Bg6 12. a3 a6 13. c4 O-O 14. c5 Bf4 15. Nf1
Nf5 16. Be3 Rae8 17. Bxf5 Bxf5 18. Qd2 Bxe3 19. Nxe3 Be4 20. Ng5 Bg6 21. b4 Qf4
22. Nf3 Bh5 23. Nf1 Qc7 24. Ne5 f6 25. Nxc6 Qxc6 26. g4 Bg6 27. Ng3 e5 28. f3
Re7 29. a4 Rd8 30. Qb2 Qc7 31. Kg2 e4 32. fxe4 Bxe4+ 33. Nxe4 dxe4 34. Qb3+ Kh8
35. d5 Qf4 36. Re3 h5 37. Rf1 Qh6 38. Rf5 Re5 39. Rxe5 fxe5 40. d6 Qf4 41. Qc3
hxg4 42. Qe1 Rf8 43. hxg4 Rf6 44. Qe2 Rh6 45. Rh3 Rxh3 46. Kxh3 e3 47. d7 Qd4
48. Kh4 e4 49. g5 g6 50. Qxe3 Qxe3 51. d8=Q+ Kh7 52. Qe7+ Kg8 53. Qe8+ Kg7 54.
Qe7+ Kg8 55. Qe6+ Kg7 56. Qf6+ Kh7 57. Qf7+ Kh8 58. Qf8+ Kh7 59. Qh6+ Kg8 60.
Qxg6+ Kh8 61. Qf6+ Kg8 62. Qe6+ Kg7 63. Qd7+ Kg6 64. Qe8+ Kg7 65. Qe7+ 1/2-1/2

[Event "Gibraltar Masters 2020"]
[Site "Caleta ENG"]
[Date "2020.01.22"]
[Round "2.121"]
[White "Sousa, Ludy Helsio Paulo"]
[Black "Gravett, Alan D"]
[Result "1-0"]
[WhiteTitle "CM"]
[WhiteElo "2247"]
[BlackElo "1824"]
[WhiteFideId "1504134"]
[BlackFideId "406171"]
[EventDate "2020.01.21"]

1. e4 c5 2. Nf3 Nf6 3. Nc3 d5 4. e5 d4 5. exf6 dxc3 6. fxg7 cxd2+ 7. Bxd2 Bxg7
8. c3 Nc6 9. Bc4 Qb6 10. Ng5 Ne5 11. Qe2 h6 12. Bb5+ Bd7 13. Bxd7+ Nxd7 14. Ne4
Qxb2 15. O-O Qb6 16. Rab1 Qa6 17. Qg4 Rg8 18. Rfe1 Rb8 19. Bf4 e5 20. Rbd1 Qe6
21. Nd6+ Kf8 22. Nf5 Nf6 23. Qh3 Nd5 24. Bxh6 Nxc3 25. Rd6 Qxa2 26. Bxg7+ Rxg7
27. Qh8+ 1-0

[Event "Gibraltar Masters 2020"]
[Site "Caleta ENG"]
[Date "2020.01.22"]
[Round "2.122"]
[White "Sagar, Siya"]
[Black "Paramzina, Anastasya"]
[Result "0-1"]
[BlackTitle "WGM"]
[WhiteElo "1740"]
[BlackElo "2224"]
[WhiteFideId "25098160"]
[BlackFideId "4165012"]
[EventDate "2020.01.21"]

1. e4 e5 2. Nf3 Nc6 3. Bb5 a6 4. Bxc6 dxc6 5. Nc3 f6 6. d4 exd4 7. Qxd4 Qxd4 8.
Nxd4 Bd7 9. Be3 O-O-O 10. f3 Bd6 11. O-O-O h5 12. Nde2 h4 13. h3 Nh6 14. Na4 Be6
15. Nc5 Bc4 16. Nc3 b6 17. Nd3 Rde8 18. b3 Bf7 19. Bf4 Ba3+ 20. Kb1 g5 21. Bh2
Bg8 22. Rhe1 a5 23. e5 f5 24. g4 hxg3 25. Bxg3 f4 26. Bh2 Nf5 27. Ne4 Be7 28.
Nef2 Bd5 29. e6 Ne3 30. Rd2 Bf6 31. Rde2 Bxf3 32. Rxe3 fxe3 33. Rxe3 Bd5 34. Ng4
Bd4 35. Be5 Bxe3 36. Bxh8 Rxh8 37. Nxe3 Bxe6 38. Kc1 Rxh3 39. Kd2 Rh2+ 0-1

[Event "Gibraltar Masters 2020"]
[Site "Caleta ENG"]
[Date "2020.01.22"]
[Round "2.123"]
[White "Weisbuch, Udi"]
[Black "Winter, Kevin"]
[Result "1-0"]
[WhiteTitle "FM"]
[WhiteElo "2222"]
[BlackElo "1714"]
[WhiteFideId "2801302"]
[BlackFideId "421960"]
[EventDate "2020.01.21"]

1. e4 c6 2. Ne2 d5 3. e5 Bf5 4. Ng3 Bg6 5. h4 h5 6. Ne2 e6 7. Nf4 Ne7 8. d4 Qb6
9. a4 Nd7 10. Be2 O-O-O 11. g3 c5 12. Nxg6 fxg6 13. c3 cxd4 14. a5 Qc5 15. cxd4
Qb4+ 16. Nc3 Nf5 17. Ra4 Qe7 18. Bg5 Qe8 19. Bxd8 Qxd8 20. Bd3 Be7 21. Bxf5 gxf5
22. f4 Rh6 23. Kf2 Nf8 24. a6 b6 25. Nb5 Kb8 26. Qc2 Qd7 27. Rc1 Bd8 28. Ra3
Bxh4 29. gxh4 Qxb5 30. Qc8# 1-0

[Event "Gibraltar Masters 2020"]
[Site "Caleta ENG"]
[Date "2020.01.22"]
[Round "2.124"]
[White "Rudd, Jack"]
[Black "Jansen, Guido"]
[Result "1-0"]
[WhiteTitle "IM"]
[WhiteElo "2331"]
[BlackElo "2162"]
[WhiteFideId "405736"]
[BlackFideId "1014650"]
[EventDate "2020.01.21"]

1. d4 d5 2. c4 dxc4 3. Nf3 Nf6 4. e3 e6 5. Bxc4 c5 6. O-O a6 7. a4 Nc6 8. Nc3
Qc7 9. d5 exd5 10. Nxd5 Nxd5 11. Qxd5 Be6 12. Qe4 Qe7 13. Bd2 Bxc4 14. Qxc4 Ne5
15. Nxe5 Qxe5 16. Bc3 Qe6 17. b3 Qxc4 18. bxc4 O-O-O 19. Rfd1 Rxd1+ 20. Rxd1 b6
21. Rb1 Kc7 22. a5 bxa5 23. Bxa5+ Kc8 24. Rb6 Be7 25. Rxa6 Kb7 26. Rb6+ Ka7 27.
Rc6 Rb8 28. g3 Rb1+ 29. Kg2 Rc1 30. Rc7+ Ka6 31. Bd2 Rc2 32. Rxe7 Rxd2 33. Rxf7
Rc2 34. Rxg7 Rxc4 35. Rxh7 Rb4 36. h4 c4 37. h5 Kb6 38. h6 c3 39. Rh8 Kb7 40. h7
Rc4 41. Rb8+ Kxb8 42. h8=Q+ Kc7 43. Qh7+ Kb6 44. Qc2 1-0

[Event "Gibraltar Masters 2020"]
[Site "Caleta ENG"]
[Date "2020.01.23"]
[Round "3.46"]
[White "Padmini, Rout"]
[Black "Praggnanandhaa, R"]
[Result "0-1"]
[WhiteTitle "IM"]
[BlackTitle "GM"]
[WhiteElo "2369"]
[BlackElo "2602"]
[WhiteFideId "5029295"]
[BlackFideId "25059530"]
[EventDate "2020.01.21"]

1. e4 c5 2. Nf3 e6 3. d4 cxd4 4. Nxd4 a6 5. c4 Nf6 6. Nc3 Qc7 7. Be2 Bb4 8. f3
Nc6 9. Be3 d6 10. Rc1 Bc5 11. Qd2 Nxd4 12. Bxd4 Bxd4 13. Qxd4 e5 14. Qe3 Be6 15.
O-O O-O 16. Nd5 Bxd5 17. cxd5 Qa5 18. a3 Rfc8 19. g3 Nd7 20. Rfd1 Qd8 21. Bc4 a5
22. Bb3 Rxc1 23. Rxc1 Nc5 24. Bd1 Qb6 25. Rc2 Rf8 26. f4 Re8 27. f5 f6 28. h4 a4
29. Be2 Qa5 30. Bc4 b5 31. g4 Rb8 32. Bf1 Qd8 33. g5 b4 34. Rg2 bxa3 35. bxa3
Rb1 0-1

[Event "Gibraltar Masters 2020"]
[Site "Caleta ENG"]
[Date "2020.01.23"]
[Round "3.52"]
[White "Gordon, Stephen J"]
[Black "Lujan, Carolina"]
[Result "0-1"]
[WhiteTitle "GM"]
[BlackTitle "IM"]
[WhiteElo "2504"]
[BlackElo "2330"]
[WhiteFideId "411477"]
[BlackFideId "109878"]
[EventDate "2020.01.21"]

1. c4 c5 2. g3 g6 3. Bg2 Bg7 4. Nc3 Nc6 5. Nf3 e6 6. d4 cxd4 7. Nb5 d5 8. cxd5
Qa5+ 9. Nd2 Qxb5 10. dxc6 Ne7 11. a4 Qb6 12. b3 O-O 13. Nc4 Qc7 14. Bf4 e5 15.
Bxe5 Bxe5 16. Nxe5 Qxe5 17. cxb7 Bxb7 18. Bxb7 d3 19. Ra2 Rab8 20. Bf3 dxe2 21.
Qxe2 Qc3+ 22. Kf1 Rxb3 23. Kg2 Nf5 24. Bd5 Nh4+ 25. Kh3 Rb4 26. Rc2 Qf6 27. Rd1
Qf5+ 28. g4 Qf4 29. f3 g5 30. Qd2 Ng6 31. Qxf4 Nxf4+ 32. Kg3 Rxa4 33. h4 gxh4+
34. Kf2 Kg7 35. Bc6 Ra3 36. Be4 Nh3+ 37. Kg2 Nf4+ 38. Kf2 Re8 39. Rd7 Nh3+ 40.
Kg2 Ng5 41. Bd5 a5 42. f4 h3+ 43. Kh2 Nf3+ 44. Bxf3 Rxf3 45. Ra2 Re4 46. Ra7
Rexf4 47. R7xa5 Rxg4 48. Rh5 Rgg3 49. Rb5 Kg6 50. Ra6+ f6 51. Ra2 Rg5 52. Rb7 h6
53. Rba7 Kh5 54. R7a3 Rg2+ 0-1

[Event "Gibraltar Masters 2020"]
[Site "Caleta ENG"]
[Date "2020.01.23"]
[Round "3.58"]
[White "Nandhidhaa, P V"]
[Black "Girya, Olga"]
[Result "0-1"]
[WhiteTitle "WIM"]
[BlackTitle "WGM"]
[WhiteElo "2312"]
[BlackElo "2477"]
[WhiteFideId "5050847"]
[BlackFideId "4195752"]
[EventDate "2020.01.21"]

1. e4 c6 2. Nc3 d5 3. Nf3 Bg4 4. h3 Bxf3 5. Qxf3 e6 6. Be2 Bc5 7. O-O Ne7 8. Na4
Bd6 9. d4 dxe4 10. Qxe4 Nd7 11. Rd1 Nf6 12. Qf3 Nf5 13. Nc5 Qe7 14. Ne4 Nxe4 15.
Qxe4 Bc7 16. a4 Rd8 17. g3 h5 18. Bf4 Bxf4 19. Qxf4 Qd6 20. Qxd6 Rxd6 21. c3 h4
22. g4 Ne7 23. a5 Nd5 24. Bf1 a6 25. Re1 Nf4 26. b4 Kd8 27. Re5 f6 28. Re4 g5
29. Rae1 Re8 30. R4e3 Nd5 31. Rf3 Nf4 32. Rfe3 Rd7 33. f3 Rde7 34. Kf2 Nd5 35.
Rd3 Kc7 36. Rb1 e5 37. dxe5 Rxe5 38. c4 Nf4 39. Rdb3 Rd8 40. R3b2 Rd4 41. b5 Kd6
42. Re1 cxb5 43. Rxe5 Kxe5 44. cxb5 Ra4 45. bxa6 bxa6 46. Bxa6 Nxh3+ 47. Kg2
Nf4+ 48. Kf2 Rxa5 49. Bf1 Rc5 50. Ra2 Rc6 51. Rd2 Rb6 52. Rc2 Kd4 53. Rc4+ Kd5
54. Rc2 Rb4 55. Ra2 Kd4 56. Rd2+ Ke5 57. Ra2 Rd4 58. Rc2 Rd1 59. Rc5+ Kd4 60.
Rc6 Rd2+ 61. Kg1 Ke5 62. Rc5+ Kd6 63. Rc8 Rb2 64. Re8 Kd5 65. Rd8+ Ke5 66. Re8+
Kd4 67. Re4+ Kd5 68. Re8 h3 69. Rh8 Kd4 70. Bxh3 Ke3 71. Rh6 Kxf3 72. Rxf6 Kg3
73. Bf1 Rb1 74. Rf7 Ne2+ 75. Kh1 Nd4 76. Rf3+ Kxf3 0-1

[Event "Gibraltar Masters 2020"]
[Site "Caleta ENG"]
[Date "2020.01.23"]
[Round "3.59"]
[White "Quintiliano Pinto, Renato R."]
[Black "De Haan, Eric"]
[Result "1-0"]
[WhiteTitle "IM"]
[BlackTitle "FM"]
[WhiteElo "2471"]
[BlackElo "2308"]
[WhiteFideId "2117568"]
[BlackFideId "1005006"]
[EventDate "2020.01.21"]

1. d4 Nf6 2. c4 g6 3. Nc3 d5 4. Nf3 Bg7 5. h4 c6 6. cxd5 cxd5 7. Bf4 Nc6 8. e3
O-O 9. Qb3 Na5 10. Qa3 Bf5 11. Ne5 Rc8 12. Be2 Ne4 13. Nxe4 Bxe4 14. O-O f6 15.
Nf3 Rc2 16. Rfe1 Nc4 17. Bxc4 dxc4 18. Rac1 Rxc1 19. Rxc1 Bxf3 20. gxf3 e5 21.
dxe5 fxe5 22. Bg3 Qd5 23. e4 Qd4 24. Qb4 Rxf3 25. Qxc4+ Qxc4 26. Rxc4 Rf7 27.
Rc8+ Rf8 28. Rc5 b6 29. Rd5 Re8 30. Rd7 Bf8 31. Rxa7 Bc5 32. Rd7 Bd4 33. b3 Rc8
34. Re7 Rc2 35. a4 Re2 36. Bxe5 Rxe4 37. Rg7+ Kh8 38. Bxd4 Rxd4 39. Rb7 Rb4 40.
Kg2 h5 41. f3 Kg8 42. Kg3 Rxb3 43. a5 Ra3 44. axb6 Rb3 45. Kf4 Rb5 46. Ke4 Kf8
47. Kd4 Ke8 48. Kc4 Rb1 49. Kc5 Rc1+ 50. Kd6 Rd1+ 51. Ke6 Re1+ 52. Kf6 Rf1 53.
Rh7 Rxf3+ 54. Kxg6 Rb3 55. b7 1-0